000 00890nas a2200313 4500
001 BR2012003751
003 BR-BrBNA
005 20231205120617.0
007 ta
008 230509b bl.|||p| |||| 00| 00por d
040 _aBR-BrBNA
_bpor
_cBiblioteca Nacional de Agricultura
041 _a(Pt)
072 _aF03
100 1 _aMondo, V.H.V.
100 1 _aCicero, S.M.
100 1 _aDourado Neto, D.
100 1 _aPupim, T.L.
100 1 _aDias, M.A.N.
245 1 _aVigor de sementes e desempenho de plantas de milho
650 _aMILHO
650 _aSEMENTE
650 _aTESTE DE VIGOR
650 _aPRODUTIVIDADE
650 _aEMERGÊNCIA
650 _aCONDUTIVIDADE ELÉTRICA
773 0 _tRevista Brasileira de Sementes (Brazil)
_xISSN 0101-3122
_g(Mar 2012), v. 34(1) p. 143-155
_wBR2012003751
909 _a202311
_bLúcia
_c55
_dLúcia Elande
942 _2AGRIS
_n0
_cANA
999 _c219364
_d219364